<?xml version="1.0" encoding="UTF-8"?>
<record
    xmlns:xsi="http://www.w3.org/2001/XMLSchema-instance"
    xsi:schemaLocation="http://www.loc.gov/MARC21/slim http://www.loc.gov/standards/marcxml/schema/MARC21slim.xsd"
    xmlns="http://www.loc.gov/MARC21/slim">

  <leader>03582njm a2200553Ia 4500</leader>
  <controlfield tag="001">23899</controlfield>
  <controlfield tag="003">IT-RoPAU</controlfield>
  <controlfield tag="005">20220918181123.0</controlfield>
  <controlfield tag="008">131025s9999    xx            000 0 und d</controlfield>
  <datafield tag="040" ind1=" " ind2=" ">
    <subfield code="a">IT-RoPAU</subfield>
  </datafield>
  <datafield tag="040" ind1=" " ind2=" ">
    <subfield code="c">IT-RoPAU</subfield>
  </datafield>
  <datafield tag="999" ind1=" " ind2=" ">
    <subfield code="c">99930</subfield>
    <subfield code="d">99930</subfield>
  </datafield>
  <datafield tag="999" ind1=" " ind2=" ">
    <subfield code="b">n.d.</subfield>
  </datafield>
  <datafield tag="100" ind1=" " ind2=" ">
    <subfield code="a">AA.VV.</subfield>
    <subfield code="9">794</subfield>
  </datafield>
  <datafield tag="100" ind1=" " ind2=" ">
    <subfield code="e">Autore musica</subfield>
    <subfield code="9">7173</subfield>
  </datafield>
  <datafield tag="100" ind1=" " ind2=" ">
    <subfield code="g">Codice autore musica SPICS: 12000</subfield>
    <subfield code="9">796</subfield>
  </datafield>
  <datafield tag="245" ind1=" " ind2=" ">
    <subfield code="a">Dieci secoli di musica sacra (Lp 2535 144)</subfield>
  </datafield>
  <datafield tag="250" ind1=" " ind2=" ">
    <subfield code="a">1a ed.</subfield>
  </datafield>
  <datafield tag="260" ind1=" " ind2=" ">
    <subfield code="a">GERMANY</subfield>
  </datafield>
  <datafield tag="260" ind1=" " ind2=" ">
    <subfield code="b">DEUTSCHE GRAMMOPHON</subfield>
  </datafield>
  <datafield tag="300" ind1=" " ind2=" ">
    <subfield code="a">DISCO</subfield>
  </datafield>
  <datafield tag="300" ind1=" " ind2=" ">
    <subfield code="c">52 minuti (Testo:  pag.)</subfield>
  </datafield>
  <datafield tag="500" ind1=" " ind2=" ">
    <subfield code="a">Musica religiosa. Canto gregoriano. Musica sacra.</subfield>
  </datafield>
  <datafield tag="505" ind1=" " ind2=" ">
    <subfield code="a">Cristus factus est [(gregoriano) (4:00)] - La messe de Notre Dame: Agnus Dei (3:00) - Due mottetti: jubilate Deo/Terra tremuit (7:00) - Missa tres vocum: sanctus/benedictus (4:00) - Missa vidi speciosam: kyrie (2:00) - Laudate dominum omnes gentes (5:00) - Gloria: gloria in exelsis Deo (3:00) - Messa in si minore Bwv 232: et resurrexit (5:00) - Ave verum corpus K 618 (4:00) - Requiem: rex tremendae (6:00) - Graduale "locus iste" (4:00) - Requiem op 89: agnus Dei/lux aeterna (11:00)</subfield>
  </datafield>
  <datafield tag="511" ind1=" " ind2=" ">
    <subfield code="a">Coro della Cappella Papale di S. Francesco D'Assisi diretto da Del Ferraro Alfonso</subfield>
  </datafield>
  <datafield tag="511" ind1=" " ind2=" ">
    <subfield code="a">Membri della Schola Cantorum Basiliensis diretti da Wenzinger August</subfield>
  </datafield>
  <datafield tag="511" ind1=" " ind2=" ">
    <subfield code="a">Coro del Duomo di Ratisbona diretto da Schrems Theobald</subfield>
  </datafield>
  <datafield tag="511" ind1=" " ind2=" ">
    <subfield code="a">Pro Cantione Antiqua di Londra</subfield>
  </datafield>
  <datafield tag="511" ind1=" " ind2=" ">
    <subfield code="a">Coro Monteverdi di Amburgo diretto da Jurgens Jurgen</subfield>
  </datafield>
  <datafield tag="511" ind1=" " ind2=" ">
    <subfield code="a">Coro e Orchestra del Maggio Musicale Fiorentino diretti da Bartoletti Bruno</subfield>
  </datafield>
  <datafield tag="511" ind1=" " ind2=" ">
    <subfield code="a">Coro e Orchestra Bach di Monaco diretti da Richter Karl</subfield>
  </datafield>
  <datafield tag="511" ind1=" " ind2=" ">
    <subfield code="a">Coro Haendel di Berlino e l'Orchestra Sinfonica di Radio Berlino diretti da Arndt Gunther</subfield>
  </datafield>
  <datafield tag="511" ind1=" " ind2=" ">
    <subfield code="a">Coro e Orchestra Sinfonica della Radio Bavarese diretti da Munch Charles</subfield>
  </datafield>
  <datafield tag="511" ind1=" " ind2=" ">
    <subfield code="a">Coro della Radio Bavarese diretto da Jochum Eugen</subfield>
  </datafield>
  <datafield tag="511" ind1=" " ind2=" ">
    <subfield code="a">Coro e Orchestra Filarmonica Ceca di Praga diretti da Ancerl Karel</subfield>
  </datafield>
  <datafield tag="650" ind1=" " ind2=" ">
    <subfield code="a">MUSICA SACRA [DISCHI]</subfield>
    <subfield code="e">Codice MATERIA SPICS: 9950</subfield>
    <subfield code="9">7174</subfield>
  </datafield>
  <datafield tag="700" ind1=" " ind2=" ">
    <subfield code="a">Anonimo</subfield>
    <subfield code="d">Codice autore musica SPICS: 2620</subfield>
    <subfield code="e">Autore musica</subfield>
    <subfield code="p">Cristus factus est</subfield>
    <subfield code="9">7175</subfield>
  </datafield>
  <datafield tag="700" ind1=" " ind2=" ">
    <subfield code="a">De Machaut Guillame</subfield>
    <subfield code="d">Codice autore musica SPICS: 10996</subfield>
    <subfield code="e">Autore musica</subfield>
    <subfield code="p">La messe de Notre Dame: Agnus Dei</subfield>
    <subfield code="9">7176</subfield>
  </datafield>
  <datafield tag="700" ind1=" " ind2=" ">
    <subfield code="a">Palestrina Giovanni Pierluigi da</subfield>
    <subfield code="d">Codice autore musica SPICS: 10683</subfield>
    <subfield code="e">Autore musica</subfield>
    <subfield code="p">Due mottetti: jubilate Deo/Terra tremuit</subfield>
    <subfield code="9">7177</subfield>
  </datafield>
  <datafield tag="700" ind1=" " ind2=" ">
    <subfield code="a">Byrd William</subfield>
    <subfield code="d">Codice autore musica SPICS: 10123</subfield>
    <subfield code="e">Autore musica</subfield>
    <subfield code="p">Missa tres vocum: sanctus/benedictus</subfield>
    <subfield code="9">7178</subfield>
  </datafield>
  <datafield tag="700" ind1=" " ind2=" ">
    <subfield code="a">Victoria Tomas Louis De</subfield>
    <subfield code="d">Codice autore musica SPICS: 8253</subfield>
    <subfield code="e">Autore musica</subfield>
    <subfield code="p">Missa vidi speciosam: kyrie</subfield>
    <subfield code="9">7179</subfield>
  </datafield>
  <datafield tag="700" ind1=" " ind2=" ">
    <subfield code="a">Monteverdi Claudio</subfield>
    <subfield code="d">Codice autore musica SPICS: 3614</subfield>
    <subfield code="e">Autore musica</subfield>
    <subfield code="p">Laudate dominum omnes gentes</subfield>
    <subfield code="9">7180</subfield>
  </datafield>
  <datafield tag="700" ind1=" " ind2=" ">
    <subfield code="a">Vivaldi Antonio</subfield>
    <subfield code="d">Codice autore musica SPICS: 11195</subfield>
    <subfield code="e">Autore musica</subfield>
    <subfield code="p">Gloria: gloria in exelsis Deo</subfield>
    <subfield code="9">7181</subfield>
  </datafield>
  <datafield tag="700" ind1=" " ind2=" ">
    <subfield code="a">Bach Johann Sebastian</subfield>
    <subfield code="d">Codice autore musica SPICS: 9695</subfield>
    <subfield code="e">Autore musica</subfield>
    <subfield code="p">Messa in si minore Bwv 232: et resurrexit</subfield>
    <subfield code="9">7182</subfield>
  </datafield>
  <datafield tag="700" ind1=" " ind2=" ">
    <subfield code="a">Mozart Wolfgang Amadeus</subfield>
    <subfield code="d">Codice autore musica SPICS: 3486</subfield>
    <subfield code="e">Autore musica</subfield>
    <subfield code="p">Ave verum corpus k 618</subfield>
    <subfield code="9">7183</subfield>
  </datafield>
  <datafield tag="700" ind1=" " ind2=" ">
    <subfield code="a">Berlioz Hector</subfield>
    <subfield code="d">Codice autore musica SPICS: 9293</subfield>
    <subfield code="e">Autore musica</subfield>
    <subfield code="p">Requiem: rex tremendae</subfield>
    <subfield code="9">7184</subfield>
  </datafield>
  <datafield tag="700" ind1=" " ind2=" ">
    <subfield code="a">Bruckner Joseph Anton</subfield>
    <subfield code="d">Codice autore musica SPICS: 10727</subfield>
    <subfield code="e">Autore musica</subfield>
    <subfield code="p">Graduale "locus iste"</subfield>
    <subfield code="9">7185</subfield>
  </datafield>
  <datafield tag="700" ind1=" " ind2=" ">
    <subfield code="a">Dvorak Antonin</subfield>
    <subfield code="d">Codice autore musica SPICS: 10772</subfield>
    <subfield code="e">Autore musica</subfield>
    <subfield code="p">Requiem op 89: agnus Dei/lux aeterna</subfield>
    <subfield code="9">7186</subfield>
  </datafield>
  <datafield tag="942" ind1=" " ind2=" ">
    <subfield code="c">MD</subfield>
    <subfield code="2">ddc</subfield>
  </datafield>
  <datafield tag="952" ind1=" " ind2=" ">
    <subfield code="0">0</subfield>
    <subfield code="1">0</subfield>
    <subfield code="4">0</subfield>
    <subfield code="6">23899_000000000000000</subfield>
    <subfield code="7">1</subfield>
    <subfield code="a">SPICS</subfield>
    <subfield code="b">SPICS</subfield>
    <subfield code="d">2013-10-25</subfield>
    <subfield code="l">0</subfield>
    <subfield code="o">23899</subfield>
    <subfield code="r">2013-10-25 00:00:00</subfield>
    <subfield code="w">2013-10-25</subfield>
    <subfield code="y">MD</subfield>
    <subfield code="z">Progr. Ins.: 4746 / N.Vol.: 1 / Copie: 1 - Copia rara: n.d. / date import: 01.01.2014 - By Epidotti, Trombetti, Vaglietti</subfield>
  </datafield>
</record>
